An air-conditioning primer ; the A-B-C of air conditioning /

Bibliographic Details
Main Author: Stangle, William Hull
Format: Book
Language:English
Published: New York, London : McGraw-Hill, 1940.
Edition:1st ed.
Subjects:

MARC

Tag First Indicator Second Indicator Subfields
LEADER 00000cam a2200000 4500
001 in00000619421
005 20151014171013.0
008 770912s1940 nyua 00110 eng
010 |a  40009452  
035 |a (OCoLC)03258444 
035 |9 ACS6523AM 
040 |a DLC  |c OCP  |d TXA  |d UtOrBLW 
049 |a TXAM  |c [372407] 
050 0 0 |a TH7687  |b .S7 
082 0 |a 628.8 
100 1 |a Stangle, William Hull. 
245 1 3 |a An air-conditioning primer ;  |b the A-B-C of air conditioning /  |c by William Hull Stangle. 
250 |a 1st ed. 
264 1 |a New York,  |a London :  |b McGraw-Hill,  |c 1940. 
300 |a vii, 236 pages :  |b illustrations, tables. diagrams (1 folded) ;  |c 24 cm. 
336 |a text  |b txt  |2 rdacontent 
337 |a unmediated  |b n  |2 rdamedia 
338 |a volume  |b nc  |2 rdacarrier 
650 0 |a Air conditioning. 
999 |a MARS 
999 f f |s 0823d462-2792-3518-ba16-f7dc3168cdcf  |i eceb88e1-d9cc-3b11-8262-d0d985471bfd  |t 0 
952 f f |p ric  |a Texas A&M University  |b Rellis Campus  |c Joint Library Facility  |d Remote Storage  |t 0  |e TH7687 .S7  |h Library of Congress classification  |i unmediated -- volume  |m A14805416449 
998 f f |a TH7687 .S7  |t 0  |l Remote Storage